00760nac a22002171u 4500010001300000082001000013090001500023100003400038110004400072245004500116260004700161300003900208500001400247500003400261504003200295650004600327740003600373942001400409999001500423952010400438 a6701077500a372.7 c1837d1837 a20080729 2 aAssociation of Teachers of Mathematics.10aNotes on mathematics in primary schools. aCambridge [Eng.]bUniversity Press,c1967. a340 p.billus. (part col.)c22 cm. aDonations aDonations - Dr. Mostafa Gouda aBibliography: p. [332]-338. 0aMathematicsxStudy and teaching (Primary) aMathematics in primary schools. cBBk372.7 c1837d1837 00104070aMAINbMAINc1STd2006-12-18ePurchasel0o372.7 NOTp000002480r2025-07-15 00:00:00yBB